2022-23 UEFA Europa League Results - Statistics

General Stats
  • This quiz has been taken 360 times
  • The average score is 25 of 40
Answers on the Map
Answers color-coded by a green-red scale on the quiz's map according to % correct below.
 
Answer Stats
Club % Correct
๐Ÿ‡ช๐Ÿ‡ธ Sevilla
93%
๐Ÿ‡ฎ๐Ÿ‡น Roma
91%
๐Ÿด๓ ง๓ ข๓ ฅ๓ ฎ๓ ง๓ ฟ Manchester United
87%
๐Ÿด๓ ง๓ ข๓ ฅ๓ ฎ๓ ง๓ ฟ Arsenal
81%
๐Ÿ‡ณ๐Ÿ‡ฑ Ajax
80%
๐Ÿ‡ณ๐Ÿ‡ฑ PSV Eindhoven
78%
๐Ÿ‡ต๐Ÿ‡น Sporting CP
78%
๐Ÿ‡ฉ๐Ÿ‡ช Bayer 04 Leverkusen
76%
๐Ÿ‡ณ๐Ÿ‡ฑ Feyenoord
74%
๐Ÿ‡ฎ๐Ÿ‡น Juventus
74%
๐Ÿ‡ฎ๐Ÿ‡น Lazio
74%
๐Ÿ‡บ๐Ÿ‡ฆ Dynamo Kyiv
71%
๐Ÿ‡ต๐Ÿ‡น Braga
70%
๐Ÿ‡ช๐Ÿ‡ธ Barcelona
68%
๐Ÿ‡ช๐Ÿ‡ธ Real Sociedad
68%
๐Ÿ‡บ๐Ÿ‡ฆ Shakhtar Donetsk
68%
๐Ÿ‡ฌ๐Ÿ‡ท Olympiacos
67%
๐Ÿ‡น๐Ÿ‡ท Fenerbahรงe
65%
๐Ÿ‡ช๐Ÿ‡ธ Real Betis
64%
๐Ÿ‡ซ๐Ÿ‡ท Monaco
63%
๐Ÿ‡ธ๐Ÿ‡ช Malmรถ
61%
๐Ÿ‡ซ๐Ÿ‡ฎ HJK
59%
๐Ÿ‡ท๐Ÿ‡ธ Red Star Belgrade
59%
๐Ÿ‡ซ๐Ÿ‡ท Rennes
59%
๐Ÿ‡ฆ๐Ÿ‡ฟ QarabaฤŸ
56%
๐Ÿ‡ฆ๐Ÿ‡น Red Bull Salzburg
56%
๐Ÿ‡ญ๐Ÿ‡บ Ferencvรกros
54%
๐Ÿ‡ฒ๐Ÿ‡ฉ Sheriff Tiraspol
54%
๐Ÿ‡ณ๐Ÿ‡ด Bodรธ/Glimt
53%
๐Ÿ‡ง๐Ÿ‡ฌ Ludogorets
53%
๐Ÿ‡จ๐Ÿ‡พ AEK Larnaca
50%
๐Ÿ‡ซ๐Ÿ‡ท Nantes
50%
๐Ÿ‡ฉ๐Ÿ‡ช Union Berlin
50%
๐Ÿ‡จ๐Ÿ‡ญ Zรผrich
50%
๐Ÿ‡ฆ๐Ÿ‡น Sturm Graz
47%
๐Ÿ‡น๐Ÿ‡ท Trabzonspor
47%
๐Ÿ‡ฉ๐Ÿ‡ช SC Freiburg
46%
๐Ÿ‡ฉ๐Ÿ‡ฐ Midtjylland
44%
๐Ÿ‡ง๐Ÿ‡ช Union Saint-Gilloise
44%
๐Ÿ‡จ๐Ÿ‡พ Omonia
40%
No matching quizzes found
Score Distribution
Percent of People with Each Score
Percentile by Number Answered
Your Score History
You have not taken this quiz